| 000 | 00431pab a2200169 454500 | ||
|---|---|---|---|
| 008 | 180718b2015 xxu||||| |||| 00| 0 eng d | ||
| 100 | _aBanerjee, Mohar Boeglin | ||
| 245 | _aThe Charlie story: As seen by a bystander in France | ||
| 260 | _c2015 | ||
| 300 | _ap.16-18. | ||
| 362 | _a7 Feb | ||
| 650 | _aViolence - France | ||
| 650 | _aViolence | ||
| 773 | _aEconomic and Political Weekly | ||
| 908 | _aN | ||
| 909 | _a106839 | ||
| 999 |
_c106834 _d106834 |
||